|
|
|
|
| LEADER |
00920nam a22002531 4500 |
| 001 |
28797 |
| 003 |
BD-DhAAL |
| 005 |
20150108122456.0 |
| 008 |
150108t19791963pau 000 1 eng |
| 010 |
|
|
|a 63011753
|
| 020 |
|
|
|a 0553135074
|
| 040 |
|
|
|a DLC
|c DLC
|d DLC
|d BD-DhAAL
|
| 050 |
0 |
0 |
|a PZ3.B64824
|b Wh
|a PS3503.O563
|
| 082 |
0 |
0 |
|2 21
|a 813/.0108897
|
| 100 |
1 |
|
|a Borland, Hal,
|d 1900-1978.
|9 7215
|
| 245 |
1 |
0 |
|a When the legends die /
|c Hal Borland.
|
| 260 |
|
|
|a Philadelphia :
|b Lippincott,
|c [1963]
|
| 300 |
|
|
|a 216 p.
|c 21 cm.
|
| 541 |
|
|
|e 28797
|
| 650 |
|
0 |
|a Indians of North America
|x Fiction.
|9 7216
|
| 655 |
|
7 |
|a Western stories.
|2 gsafd
|9 7211
|
| 942 |
|
|
|2 ddc
|c BK
|
| 999 |
|
|
|c 33418
|d 33418
|
| 952 |
|
|
|0 0
|1 0
|2 ddc
|4 0
|6 813_010889700000000_BOR
|7 0
|9 44662
|a BRACUL
|b BRACUL
|c GEN
|d 2015-01-08
|e BRAC Institute of Language (BIL)
|l 0
|o 813.0108897 BOR
|p 3010028797
|r 2015-01-08
|t 1
|w 2015-01-08
|y BK
|x Transferred from BIL to BRACUL on 06/06/22
|